00254 a2200133 4500001000700000020001800007040001100025100002300036240002100059245001600080300000700096362000900103440000800112184022 a85-322-5017-3 cMagnum aDe La Jara, Fatima10aLa sorpresalESP10aLa sorpresa a230 a2002 1aFTD